| Поле | Инд. | ПП | Название | Значение |
|---|---|---|---|---|
| Тип записи | a | |||
| Библиографический уровень | m | |||
| 001 | Контрольный номер | RU/LIBMSTU/353499519 | ||
| 005 | Дата корректировки | 20200424133321.6 | ||
| 008 | Кодируемые данные | 110315|||||||||ru |||||||||||000|||rus|| | ||
| 020 | a | ISBN | 978-5-91137-080-0 | |
| c | Цена, тираж | 200-00 | ||
| 040 | b | Код языка каталог. | rus | |
| 041 | 0_ | a | Код языка текста | rus |
| 084 | a | Индекс другой классификации/Индекс ББК | 65я2+65.30+65.263+65.291.551 | |
| 090 | a | Полочн. индекс | 65я2 | |
| x | Авторский знак | Ц 85 | ||
| 100 | 1_ | a | Автор | Цукерман В. А. |
| 245 | 10 | a | Заглавие | Промышленная, инвестиционная и инновационная политика |
| b | Продолж. заглавия | энциклопедический словарь | ||
| c | Ответственность | [отв. ред. Е. С. Горячевская] ; Рос. акад. наук, Кольский науч. центр, Ин-т экон. проблем | ||
| 260 | a | Место издания | Апатиты | |
| b | Издательство | Изд-во Кольского науч. центра РАН | ||
| c | Дата издания | 2009 | ||
| 300 | a | Объем | 181 с. | |
| 504 | a | Библиография | Библиогр.: с. 176-180 | |
| 650 | 04 | a | Основная рубрика | Экономика-Словари |
| 650 | 14 | a | Основная рубрика | Инновационная политика-Словари |
| 650 | 14 | a | Основная рубрика | Инвестиции-Словари |
| 653 | 0_ | a | Ключевые слова | Инвестиции |
| a | Ключевые слова | Инвестиционная политика | ||
| a | Ключевые слова | Инновационная политика | ||
| a | Ключевые слова | Промышленная политика | ||
| a | Ключевые слова | Экономика | ||
| 700 | 12 | a | Другие авторы | Горячевская Е. С. |
| e | Роль лиц | ред. | ||
| 901 | t | Тип документа | m |